县级行政区接壤地图#28 明溪县 Mingxi Bordering Map - Statistics

General Stats
  • This quiz has been taken 3 times
  • The average score is 5 of 8
Answers on the Map
Answers color-coded by a green-red scale on the quiz's map according to % correct below.
 
Answer Stats
% Correct
三元区
100%
沙县区
100%
建宁县
67%
泰宁县
67%
宁化县
33%
将乐县
33%
清流县
33%
永安市
33%
No matching quizzes found
Score Distribution
Percent of People with Each Score
Percentile by Number Answered
Your Score History
You have not taken this quiz